000 00354 a2200157 4500
001 151076
040 _cEscola São Tomás de Aquino
100 _aBANDEIRA, Pedro
240 1 0 _aHoras de desespero
_lpor
245 1 0 _aHoras de desespero
300 _a108
362 0 _a2008
440 1 _aMelhoramentos
697 _a*LITERATURA JUVENIL
942 _cBK
999 _c151076
_d151076